00799nam a2200193 a 4500008004100000050002700041100001600068245011400084246002500198260003400223350000900257490002900266500001300295650001400308650002600322995010300348999001700451952013700468060926s2004 ||||||||||||||||| || u aKYO-UNI(05)ASM/04/25/2 aBerry, Sara10aReinventing the local? privatization, decentralization and the politics of resource managementcby Sara Berry aexamples from Africa aKyotobKyoto Universityc2004 a0.00 aAfrican Study Monographs app79-101 0aECONOMICS aPRIVATIZATION--AFRICA D0.00FCBU-MAIN LIBRARY (Kitwe)H1I0.00M25/2UAVAILABLEWSep 26, 2006ZInternational Publications c55998d55998 00102lcc4070a001b001cInternational Publicationsd2022-11-30l0oKYO-UNI(05)ASM/04/25/2pZ03001171r2022-11-30w2022-11-30y002